War terrorism tourism. Times of crisis and recovery conference 25-27 september 1997 Dubrovnik, Croatia
Gespeichert in:
| Weitere Verfasser: | |
|---|---|
| Format: | Buch |
| Sprache: | Englisch |
| Veröffentlicht: |
[S.l.]
[s.n.]
1997
|
| Schlagworte: | |
| Tags: |
Keine Tags, Fügen Sie das erste Tag hinzu!
|
MARC
| LEADER | 00000nam a2200000 4500 | ||
|---|---|---|---|
| 001 | c100331 | ||
| 005 | 20221124074111.8 | ||
| 041 | 0 | |a eng | |
| 044 | |a HR | ||
| 245 | 1 | 0 | |a War terrorism tourism. Times of crisis and recovery |b conference 25-27 september 1997 Dubrovnik, Croatia |c Gerry Lennon |
| 264 | 1 | |a [S.l.] |b [s.n.] |c 1997 | |
| 300 | |a 30 s. | ||
| 610 | 2 | 0 | |a turistika |
| 610 | 2 | 0 | |a vojny |
| 610 | 2 | 0 | |a ruch cestovný |
| 700 | 1 | |a Lennon, Gerry | |